000 00654nam a22001817a 4500
008 131129b xxu||||| |||| 00| 0 ger d
041 0 _ager
080 _a351.9
100 1 _aHalbband, Erster
245 1 0 _aDas verwaltungsverfahren :
_cErster Halbband
260 _aWien :
_bDruck und Verlag der Osterreichischen Staatsdruckerei ;
_c1975
300 _a1068 f. :
_c18 cm.
500 _aVorwort zur achten auflage : f. VI-VIII
650 0 _aAdministrata publike
700 1 _aMannlicher, Egbert
700 1 _aQuell, Heimgar
942 _2udc
_cBK
999 _c383
_d383